TCP/IP ILLUSTRATED VOLUME 1 (Record no. 216777)
[ view plain ]
| 000 -LEADER | |
|---|---|
| fixed length control field | 00629nam a22001937a 4500 |
| 008 - FIXED-LENGTH DATA ELEMENTS--GENERAL INFORMATION | |
| fixed length control field | 260304b |||||||| |||| 00| 0 eng d |
| 020 ## - INTERNATIONAL STANDARD BOOK NUMBER | |
| International Standard Book Number | 978-0-3213-3631-6 |
| 050 ## - LIBRARY OF CONGRESS CALL NUMBER | |
| Classification number | QA 76.9 .T37 .S74 2011 |
| 100 ## - MAIN ENTRY--PERSONAL NAME | |
| Personal name | FALL, KEVIN R. |
| 245 ## - TITLE STATEMENT | |
| Title | TCP/IP ILLUSTRATED VOLUME 1 |
| Remainder of title | THE PROTOCOLS |
| 250 ## - EDITION STATEMENT | |
| Edition statement | 2ND EDITION. |
| 260 ## - PUBLICATION, DISTRIBUTION, ETC. | |
| Place of publication, distribution, etc. | UPPER SADDLE RIVER,NJ, |
| Name of publisher, distributor, etc. | ADDISON- WESLEY, |
| Date of publication, distribution, etc. | 2011 |
| 300 ## - PHYSICAL DESCRIPTION | |
| Extent | xxxv, 1017 P, ILL. |
| 500 ## - GENERAL NOTE | |
| General note | INCLUDES GLOSSARY AND INDEX. |
| 650 ## - SUBJECT ADDED ENTRY | |
| Topical term or geographic name entry element | TRANSMISSION CONTROL PROTOCOL (COMPUTER NETWORK PROTOCOL) 2. COMPUTER NETWORKS |
| 700 ## - ADDED ENTRY--PERSONAL NAME | |
| Personal name | STEVEN, W. RICHARD |
| 942 ## - ADDED ENTRY ELEMENTS (KOHA) | |
| Source of classification or shelving scheme | Library of Congress Classification |
| Koha item type | Long Loan Book |
| Withdrawn status | Lost status | Source of classification or shelving scheme | Damaged status | Not for loan | Collection | Home library | Current library | Shelving location | Date acquired | Inventory number | Total checkouts | Full call number | Barcode | Date last seen | Copy number | Price effective from | Koha item type |
|---|---|---|---|---|---|---|---|---|---|---|---|---|---|---|---|---|---|
| Library of Congress Classification | Science & Technology | Kisii University Library | Kisii University Library | On Display | 03/04/2026 | 112121 | QA 76.9 .T37 S74 2011 | A001005 | 03/04/2026 | 1 | 03/04/2026 | Long Loan Book | |||||
| Library of Congress Classification | Science & Technology | Kisii University Library | Kisii University Library | On Display | 03/04/2026 | 112122 | QA 76.9 .T37 S74 2011 | A001006 | 03/04/2026 | 2 | 03/04/2026 | Long Loan Book | |||||
| Library of Congress Classification | Science & Technology | Kisii University Library | Kisii University Library | On Display | 03/04/2026 | 112123 | QA 76.9 .T37 S74 2011 | A001003 | 03/04/2026 | 3 | 03/04/2026 | Long Loan Book |